Estudios lingüísticos y filológicos en homenaje a María Teresa Rojas
Wedi'i Gadw mewn:
| Prif Awduron: | , , |
|---|---|
| Fformat: | Llyfr |
| Iaith: | Sbaeneg |
| Cyhoeddwyd: |
Baruta
Universidad Simón Bolivar
1989
|
| Pynciau: | |
| Tagiau: |
Ychwanegu Tag
Dim Tagiau, Byddwch y cyntaf i dagio'r cofnod hwn!
|
MARC
| LEADER | 00000nam a2200000 a 4500 | ||
|---|---|---|---|
| 001 | UCJ8954 | ||
| 003 | CL-VaPUC | ||
| 008 | 070126e19890000VE |||||||||||||||||spa|d | ||
| 020 | |a 9802370290 | ||
| 082 | 0 | 4 | |a 410 |b PAE |2 21 |
| 100 | |a Páez Urdaneta, Iraset |e autor |9 518787 | ||
| 700 | 0 | |a Fernández, Fernando |e author |9 518788 | |
| 700 | 0 | |a Barrera Linares, Luis |e author |9 490397 | |
| 245 | 1 | 0 | |a Estudios lingüísticos y filológicos en homenaje a María Teresa Rojas |
| 300 | |a 243 p | ||
| 942 | |c BK | ||
| 945 | |d 20070126 00:00:00 |a jtorresc | ||
| 260 | |a Baruta |b Universidad Simón Bolivar |c 1989 | ||
| 500 | |a Donación de la Dra. Marianne Peronard Thierry | ||
| 650 | 0 | |a Lingüística |9 265068 | |
| 650 | 0 | |a Filología |9 321245 | |
| 650 | 0 | |a Psicolingüística |9 283371 | |
| 650 | 0 | |a Gramática española |9 403055 | |
| 650 | 7 | |a DIALECTOLOGIA |2 CL-VaPUC |9 461785 | |
| 650 | 0 | |a Educación lingüística |9 306506 | |
| 583 | |a last modification |c 20070126 00:00:00 |k Rodrigo Vera | ||
| 999 | |c 324598 |d 324596 | ||
| 952 | |0 0 |1 0 |4 0 |6 410_000000000000000_PAE_1989 |7 0 |8 A |9 404865 |a FDOPOS |b FDOPOS |d 2019-11-22 |i 431896K |o 410 PAE 1989 |p 431896K |r 2025-01-22 |w 2019-11-22 |y BK |k MLA | ||